Normal view
MARC view
Entry Personal Name
001 - CONTROL NUMBER
- control field: 25698
003 - CONTROL NUMBER IDENTIFIER
- control field:
005 - DATE AND TIME OF LATEST TRANSACTION
- control field: 20250723140613.0
008 - FIXED-LENGTH DATA ELEMENTS
- fixed length control field: 250723|| aca||aabn | a|a d
040 ## - CATALOGING SOURCE
- Original cataloging agency:
- Transcribing agency:
100 ## - HEADING--PERSONAL NAME
- Personal name: Sullivan, Michael,
- Dates associated with a name: 1942- Calculus and analytic geometry, 3rd ed
670 ## - SOURCE DATA FOUND
- Source citation: Work cat.: ()13226: Fritz, R. A. 25651, Student solutions manual [to accompany] Calculus and analytic geometry, 3rd ed. by Abe Mizrahi and Michael Sullivan/ , 1990.